Les Français vainqueurs de la Ligue des Champions - Statistiques

Statistiques générales
  • Ce quiz a été pris 773 fois
    392 depuis la dernière actualisation
  • Le résultat moyen est 25 sur 44
Statistiques - réponses
Année Club Réponse % Correct
2022 Real Madrid Benzema
96%
2024 Real Madrid Tchouaméni
96%
2022 Real Madrid Camavinga
95%
2020 Bayern Munich Coman
92%
2022 Real Madrid F.Mendy
91%
2002 Real Madrid Zidane
91%
2018 Real Madrid Varane
88%
2021 Chelsea Kanté
86%
1996 Juventus Deschamps
83%
2013 Bayern Munich Ribéry
82%
2009 Barcelone Henry
78%
1985 Juventus Platini
73%
2020 Bayern Munich L.Hernandez
71%
1993 Olympique de Marseille Barthez
68%
1994 AC Milan Papin
68%
2020 Bayern Munich Pavard
68%
2001 Bayern Munich Lizarazu
66%
2015 Barcelone Mathieu
66%
2011 Barcelone Abidal
65%
2008 Manchester United Evra
65%
1959 Real Madrid Kopa
65%
2021 Chelsea Giroud
64%
1993 Olympique de Marseille Boli
63%
1994 AC Milan Desailly
62%
2020 Bayern Munich Tolisso
56%
2002 Real Madrid Makélélé
55%
2000 Real Madrid Anelka
51%
2006 Barcelone Giuly
50%
2005 Liverpool Cissé
49%
2012 Chelsea Malouda
48%
2001 Bayern Munich Sagnol
46%
2000 Real Madrid Karembeu
45%
1993 Olympique de Marseille Di Meco
42%
2007 AC Milan Gourcuff
34%
2008 Manchester United Saha
31%
2008 Manchester United Silvestre
29%
2021 Chelsea Zouma
28%
1993 Olympique de Marseille Sauzée
25%
2005 Liverpool Sinama-Pongolle
25%
1993 Olympique de Marseille Angloma
21%
1993 Olympique de Marseille Amoros
19%
1993 Olympique de Marseille Casoni
12%
1993 Olympique de Marseille Durand
11%
1993 Olympique de Marseille Ferreri
8%
Aucun quiz correspondant
Distribution des résultats
% des personnes avec chaque résultat
Percentile par nombre de réponses
Votre historique - résultats
Vous n’avez pas pris ce quiz depuis la dernière actualisation